<?xml version="1.0" encoding="UTF-8"?>
<record
    xmlns:xsi="http://www.w3.org/2001/XMLSchema-instance"
    xsi:schemaLocation="http://www.loc.gov/MARC21/slim http://www.loc.gov/standards/marcxml/schema/MARC21slim.xsd"
    xmlns="http://www.loc.gov/MARC21/slim">

  <leader>02257nam a2200205Ia 4500</leader>
  <controlfield tag="003">OSt</controlfield>
  <controlfield tag="005">20250609150141.0</controlfield>
  <controlfield tag="008">210210b2000   xxu||||| |||| 00| 0 eng d</controlfield>
  <datafield tag="040" ind1=" " ind2=" ">
    <subfield code="c">AL</subfield>
  </datafield>
  <datafield tag="041" ind1=" " ind2=" ">
    <subfield code="a">Kannada</subfield>
  </datafield>
  <datafield tag="082" ind1=" " ind2=" ">
    <subfield code="a">K894.3 RAVS</subfield>
  </datafield>
  <datafield tag="100" ind1=" " ind2=" ">
    <subfield code="a">RAVI BELAGERE.</subfield>
    <subfield code="d">&#xCB0;&#xCB5;&#xCBF; &#xCAC;&#xCC6;&#xCB3;&#xC97;&#xCC6;&#xCB0;&#xCC6;</subfield>
    <subfield code="9">197215</subfield>
  </datafield>
  <datafield tag="245" ind1=" " ind2=" ">
    <subfield code="a">Sarpa Sambandha</subfield>
    <subfield code="b">&#xCB8;&#xCB0;&#xCCD;&#xCAA; &#xCB8;&#xC82;&#xCAC;&#xC82;&#xCA7; </subfield>
  </datafield>
  <datafield tag="260" ind1=" " ind2=" ">
    <subfield code="a">Bengaluru</subfield>
    <subfield code="b">Dharini Graphics</subfield>
    <subfield code="c">2000</subfield>
  </datafield>
  <datafield tag="300" ind1=" " ind2=" ">
    <subfield code="a">400</subfield>
  </datafield>
  <datafield tag="520" ind1=" " ind2=" ">
    <subfield code="a">&#xCAA;&#xCA4;&#xCCD;&#xCB0;&#xC95;&#xCB0;&#xCCD;&#xCA4; &#xCB0;&#xCB5;&#xCBF; &#xCAC;&#xCC6;&#xCB3;&#xC97;&#xCC6;&#xCB0;&#xCC6; &#xC85;&#xCB5;&#xCB0; &#xC95;&#xCBE;&#xCA6;&#xC82;&#xCAC;&#xCB0;&#xCBF;-&#xCB8;&#xCB0;&#xCCD;&#xCAA; &#xCB8;&#xC82;&#xCAC;&#xC82;&#xCA7;.&#xCB5;&#xCBF;&#xCB7;&#xCAF; &#xCB5;&#xCB8;&#xCCD;&#xCA4;&#xCC1;, &#xCA8;&#xCBF;&#xCB0;&#xCC2;&#xCAA;&#xCA3;&#xCBE; &#xCB6;&#xCC8;&#xCB2;&#xCBF;, &#xCB8;&#xCA8;&#xCCD;&#xCA8;&#xCBF;&#xCB5;&#xCC7;&#xCB6;&#xC97;&#xCB3; &#xC9C;&#xCCB;&#xCA1;&#xCA3;&#xCC6;, &#xCAA;&#xCBE;&#xCA4;&#xCCD;&#xCB0;&#xC97;&#xCB3; &#xCB8;&#xCC3;&#xCB7;&#xCCD;&#xC9F;&#xCBF;, &#xCB8;&#xC82;&#xCAD;&#xCBE;&#xCB7;&#xCA3;&#xCC6;&#xCAF; &#xCB8;&#xCC2;&#xC95;&#xCCD;&#xCB7;&#xCCD;&#xCAE;&#xCA4;&#xCC6;-&#xCAA;&#xCCD;&#xCB0;&#xC96;&#xCB0;&#xCA4;&#xCC6; &#xC87;&#xCA4;&#xCCD;&#xCAF;&#xCBE;&#xCA6;&#xCBF; &#xC85;&#xC82;&#xCB6;&#xC97;&#xCB3;&#xCBF;&#xC82;&#xCA6; &#xC88; &#xC95;&#xCBE;&#xCA6;&#xC82;&#xCAC;&#xCB0;&#xCBF;&#xCAF;&#xCA4;&#xCC1; &#xC93;&#xCA6;&#xCC1;&#xC97;&#xCB0; &#xC97;&#xCAE;&#xCA8; &#xCB8;&#xCC6;&#xCB3;&#xCC6;&#xCAF;&#xCC1;&#xCA4;&#xCCD;&#xCA4;&#xCA6;&#xCC6;.
&#xCB9;&#xCBE;&#xCB5;&#xCC1;&#xC97;&#xCB3;&#xCC1; ! &#xC85;&#xCAC;&#xCCD;&#xCAC;&#xCBE; &#xC85;&#xCB5;&#xCC6;&#xC82;&#xCA6;&#xCB0;&#xCC6; &#xCAF;&#xCBE;&#xCB0;&#xCBF;&#xC97;&#xCBF;&#xCB0;&#xCC1;&#xCB5;&#xCC1;&#xCA6;&#xCBF;&#xCB2;&#xCCD;&#xCB2; &#xCB9;&#xCC6;&#xCA6;&#xCB0;&#xCBF;&#xC95;&#xCC6;&#x200C; ! &#xCAE;&#xCC2;&#xCB3;&#xCC6;&#xCAF;&#xCBF;&#xCB2;&#xCCD;&#xCB2;&#xCA6; &#xCAA;&#xCCD;&#xCB0;&#xCBE;&#xCA3;&#xCBF; &#xCB9;&#xCB0;&#xCBF;&#xCA6;&#xCBE;&#xCA1;&#xCC1;&#xCB5;&#xCC1;&#xCA6;&#xCA8;&#xCCD;&#xCA8;&#xCC1; &#xCA8;&#xCCB;&#xCA1;&#xCBF;&#xCA6;&#xCB0;&#xCC6; &#xCB9;&#xCC6;&#xCA6;&#xCB0;&#xCBF; &#xC85;&#xC82;&#xC9C;&#xCBF; &#xCA8;&#xCC0;&#xCB0;&#xCBE;&#xC97;&#xCBF;&#xCB0;&#xCC1;&#xCA4;&#xCCD;&#xCA4;&#xCC7;&#xCB5;&#xCC6;. &#xC85;&#xC82;&#xCA5;&#xCB9; &#xCB8;&#xCB0;&#xCCD;&#xCAA;&#xCA6; &#xCAE;&#xCC7;&#xCB2;&#xCC6; &#xC9A;&#xCCD;&#xCAF;&#xCC1;&#xCA4;&#xCBF; &#xCAC;&#xCB0;&#xCA6;&#xC82;&#xCA4;&#xCC6; &#xC87;&#xC82;&#xC9A;&#xCBF;&#xC82;&#xC9A;&#xCC1; &#xCB8;&#xCBE;&#xCB0;&#xCBE; &#xCB8;&#xC97;&#xC9F;&#xCBE;&#xC97;&#xCBF; &#xCB5;&#xCBF;&#xCB5;&#xCB0;&#xCBF;&#xCB8;&#xCBF;, &#xCAA;&#xCC1;&#xCB8;&#xCCD;&#xCA4;&#xC95;&#xCA6; &#xCAA;&#xCC1;&#xC9F; &#xCAA;&#xCC1;&#xC9F;&#xCA6;&#xCB2;&#xCCD;&#xCB2;&#xCC1; &#xC92;&#xC82;&#xCA6;&#xCC1; &#xCA4;&#xCBF;&#xCB0;&#xCC1;&#xCB5;&#xCC1; &#xC95;&#xCCA;&#xC9F;&#xCCD;&#xC9F;&#xCC1;, &#xCAA;&#xCC1;&#xC9F; &#xCA4;&#xCBF;&#xCB0;&#xCC1;&#xC97;&#xCBF;&#xCB8;&#xCC1;&#xCB5;&#xC82;&#xCA4;&#xCC6; &#xCAE;&#xCBE;&#xCA1;&#xCBF;&#xCA6; &#xCAC;&#xCC6;&#xCB3;&#xCC6;&#xC97;&#xCC6;&#xCB0;&#xCC6; &#xC85;&#xCB5;&#xCB0; &#xC86;&#xCB2;&#xCCB;&#xC9A;&#xCA8;&#xCBE; &#xCB6;&#xC95;&#xCCD;&#xCA4;&#xCBF;, &#xCB2;&#xCC7;&#xC96;&#xC95;&#xCA8; &#xC86;&#xC82;&#xCA4;&#xCB0;&#xCCD;&#xCAF;&#xCA6;&#xCB2;&#xCCD;&#xCB2;&#xCA1;&#xC97;&#xCBF;&#xCB0;&#xCC1;&#xCB5; &#xC95;&#xCB2;&#xCCD;&#xCAA;&#xCA8;&#xCBE; &#xCB2;&#xCCB;&#xC95;&#xCA6; &#xCB8;&#xCBE;&#xCAE;&#xCB0;&#xCCD;&#xCA5;&#xCCD;&#xCAF;&#xCB5;&#xCA8;&#xCCD;&#xCA8;&#xCC1; &#xC95;&#xCA3;&#xCCD;&#xCA3;&#xCC6;&#xCA6;&#xCC1;&#xCB0;&#xCBF;&#xC97;&#xCBF;&#xCB0;&#xCBF;&#xCB8;&#xCC1;&#xCA4;&#xCCD;&#xCA4;&#xCA6;&#xCC6;. &#xC85;&#xC97;&#xCCD;&#xCA8;&#xCBF;&#xCA8;&#xCBE;&#xCA5;&#xCA8;&#xC82;&#xCA4;&#xCB9; &#xC85;&#xC98;&#xCCB;&#xCB0;&#xCBF; &#xCB8;&#xCBE;&#xCA7;&#xC95;&#xCA8;&#xCCA;&#xCAC;&#xCCD;&#xCAC;&#xCA8;&#xCC1; &#xCAE;&#xCBE;&#xCA1;&#xCBF;&#xCA6; &#xCB8;&#xCBE;&#xCB9;&#xCB8; , &#xC85;&#xCB5;&#xCA8; &#xCB8;&#xCBF;&#xCA7;&#xCCD;&#xCA7;&#xCBF;&#xC97;&#xCB3;&#xCC1;, &#xC85;&#xC98;&#xCCB;&#xCB0;&#xCBF;&#xC97;&#xCB3; &#xC9C;&#xCC0;&#xCB5;&#xCA8; &#xC87;&#xCB5;&#xCC6;&#xCB2;&#xCCD;&#xCB2;&#xCB5;&#xCA8;&#xCCD;&#xCA8;&#xCC1; &#xC85;&#xCA3;&#xCC1; &#xC85;&#xCA3;&#xCC1;&#xCB5;&#xCBE;&#xC97;&#xCBF; &#xCAC;&#xCBF;&#xC9A;&#xCCD;&#xC9A;&#xCBF;&#xC9F;&#xCCD;&#xC9F;&#xCBF;&#xCA6;&#xCCD;&#xCA6;&#xCBE;&#xCB0;&#xCC6;.</subfield>
  </datafield>
  <datafield tag="690" ind1=" " ind2=" ">
    <subfield code="a">Kannada Fiction</subfield>
    <subfield code="9">197216</subfield>
  </datafield>
  <datafield tag="906" ind1=" " ind2=" ">
    <subfield code="a">SG04068</subfield>
  </datafield>
  <datafield tag="942" ind1=" " ind2=" ">
    <subfield code="2">ddc</subfield>
    <subfield code="c">SG</subfield>
  </datafield>
  <datafield tag="999" ind1=" " ind2=" ">
    <subfield code="c">114600</subfield>
    <subfield code="d">114600</subfield>
  </datafield>
  <datafield tag="952" ind1=" " ind2=" ">
    <subfield code="0">0</subfield>
    <subfield code="1">0</subfield>
    <subfield code="2">ddc</subfield>
    <subfield code="4">0</subfield>
    <subfield code="7">0</subfield>
    <subfield code="8">KAN</subfield>
    <subfield code="a">AL</subfield>
    <subfield code="b">AL</subfield>
    <subfield code="d">2021-02-17</subfield>
    <subfield code="e">Abhinava Prakashana, Bengaluru</subfield>
    <subfield code="g">150.00</subfield>
    <subfield code="l">3</subfield>
    <subfield code="m">1</subfield>
    <subfield code="o">K894.3 RAVS</subfield>
    <subfield code="p">SG04068</subfield>
    <subfield code="r">2026-01-07 12:08:06</subfield>
    <subfield code="s">2025-10-15</subfield>
    <subfield code="w">2021-02-17</subfield>
    <subfield code="y">SG</subfield>
  </datafield>
</record>
